| 000 | 00713cab a2200229 4500 | ||
|---|---|---|---|
| 001 | WB3229-09 | ||
| 008 | 090401t1996 xxu||||| |||| 00| 0 eng d | ||
| 035 | _a(Sirsi) u60396 | ||
| 041 | _aeng | ||
| 245 | _aProperty risk and investment | ||
| 260 | _c1996 | ||
| 350 | _a0 | ||
| 490 |
_aFinancial Times _v26 July 1996, 12(1) |
||
| 520 | _aConsiders the relation between risk and return in property investment. | ||
| 650 | _aINVESTMENT YIELDS | ||
| 650 | _aPROPERTY-COMMERCIAL PROPERTY-OFFICE PROPERTY-OFFICE PROPERTY MARKET | ||
| 650 | _aPROPERTY INVESTMENT | ||
| 650 | _aRISK | ||
| 690 | _aPROPERTY-COMMERCIAL PROPERTY-COMMERCIAL PROPERTY FINANCE AND INVESTMENT | ||
| 942 | _n0 | ||
| 948 | _c04/03/1997 | ||
| 999 |
_c37237 _d37237 |
||